[Event "Bundesliga 2324"]
[Site "Germany"]
[Date "2024.04.27"]
[Round "14.1"]
[White "Livaic, Leon"]
[Black "Pfreundt, Jakob"]
[Result "1-0"]
[WhiteElo "2549"]
[BlackElo "2455"]
[PlyCount "121"]
[EventDate "2023.10.21"]
[EventType "team-tourn"]
[EventRounds "15"]
[EventCountry "GER"]
[SourceTitle "CB18_2024"]
[SourceDate "2024.05.01"]
[SourceVersion "1"]
[SourceVersionDate "2024.05.01"]
[SourceQuality "2"]
[WhiteTeam "Heimbach Weis Neuwied"]
[BlackTeam "Lister Turm"]
[WhiteTeamCountry "GER"]
[BlackTeamCountry "GER"]

1. e4 c6 2. d4 d5 3. Nc3 dxe4 4. Nxe4 Nf6 5. Nxf6+ exf6 6. Be3 Na6 7. a3 Bd6 8. Bd3 0-0 9. Ne2 Re8 10. 0-0 Nc7 11. c4 f5 12. Qd2 h6 13. Rfe1 Bd7 14. Bf4 Qf6 15. Bc2 Rad8 16. Rad1 Bc8 17. Bxd6 Rxd6 18. Qa5 Na6 19. Ng3 Rxe1+ 20. Rxe1 Qd8 21. Qxd8+ Rxd8 22. Bxf5 Bxf5 23. Nxf5 g6 24. Nxh6+ Kg7 25. Ng4 Rxd4 26. h3 f5 27. Ne5 Nc5 28. b4 Ne4 29. c5 Kf6 30. f4 Nc3 31. g3 Rd2 32. Re3 Ne4 33. Nc4 Rc2 34. Nd6 Nxd6 35. cxd6 Rd2 36. Re7 b5 37. Rxa7 Rxd6 38. Rc7 g5 39. Kf2 gxf4 40. gxf4 Kg6 41. Ke3 Kf6 42. Rh7 Kg6 43. Re7 Kf6 44. Re5 Rd1 45. Rc5 Re1+ 46. Kf3 Re6 47. h4 Kg6 48. h5+ Kxh5 49. Rxf5+ Kg6 50. Rc5 Kf6 51. Kg4 Rd6 52. Rc3 Kg6 53. Re3 Kf7 54. Kf5 Rd5+ 55. Ke4 Rd1 56. Rc3 Rd6 57. f5 Ke7 58. Rd3 Rh6 59. Ke5 Rh5 60. Rg3 Kf7 61. Rg6 1-0

[Event "ITA-chT Final 55th"]
[Site "Vasto"]
[Date "2024.04.13"]
[Round "2.13"]
[White "Glek, Igor Vladimirovich"]
[Black "Livaic, Leon"]
[Result "1/2-1/2"]
[WhiteElo "2409"]
[BlackElo "2549"]
[PlyCount "39"]
[EventDate "2024.04.13"]
[EventType "team-k.o."]
[EventRounds "2"]
[EventCountry "ITA"]
[SourceTitle "CB16_2024"]
[SourceDate "2024.04.17"]
[SourceVersion "1"]
[SourceVersionDate "2024.04.17"]
[SourceQuality "1"]
[WhiteTeam "Mimosa Elite"]
[BlackTeam "Palmascacchi Blacks"]
[WhiteTeamCountry "ITA"]
[BlackTeamCountry "ITA"]

1. e4 c5 2. Nf3 d6 3. d4 cxd4 4. Nxd4 Nf6 5. Nc3 a6 6. a4 e5 7. Nf3 Qc7 8. Bg5 Nbd7 9. Nd2 h6 10. Bxf6 Nxf6 11. Bc4 Be6 12. Qe2 Rc8 13. Bb3 Be7 14. 0-0 0-0 15. Rfd1 Qc5 16. h3 Rfd8 17. a5 d5 18. exd5 Nxd5 19. Nxd5 Bxd5 20. Ne4 1/2-1/2

[Event "AUT-chT 2324"]
[Site "Austria"]
[Date "2024.03.21"]
[Round "8.3"]
[White "Peyrer, Konstantin"]
[Black "Livaic, Leon"]
[Result "1/2-1/2"]
[WhiteElo "2447"]
[BlackElo "2553"]
[PlyCount "59"]
[EventDate "2023.11.22"]
[EventType "team-tourn"]
[EventRounds "11"]
[EventCountry "AUT"]
[SourceTitle "CB13_2024"]
[SourceDate "2024.03.27"]
[SourceVersion "1"]
[SourceVersionDate "2024.03.27"]
[SourceQuality "1"]
[WhiteTeam "Ottakring"]
[BlackTeam "St Veit"]
[WhiteTeamCountry "AUT"]
[BlackTeamCountry "AUT"]

1. d4 d6 2. c4 e5 3. Nf3 e4 4. Nfd2 f5 5. Nc3 Nf6 6. e3 c5 7. Be2 Nc6 8. b3 g6 9. Bb2 Bg7 10. 0-0 0-0 11. dxc5 dxc5 12. f3 Bh6 13. Nd5 Nxd5 14. cxd5 Bxe3+ 15. Kh1 Bd4 16. Bxd4 Nxd4 17. fxe4 b6 18. Bc4 b5 19. Bd3 Bb7 20. Rc1 Rc8 21. Qe1 Qd6 22. Qh4 Rc7 23. Nf3 Nxf3 24. Rxf3 fxe4 25. Bxe4 Rcf7 26. Qf2 Qe5 27. Re1 Qd6 28. Rc1 Qe5 29. Re1 Qd6 30. Rc1 1/2-1/2

[Event "Bundesliga 2324"]
[Site "Germany"]
[Date "2024.03.17"]
[Round "13.1"]
[White "Svane, Rasmus"]
[Black "Livaic, Leon"]
[Result "1/2-1/2"]
[WhiteElo "2646"]
[BlackElo "2549"]
[PlyCount "79"]
[EventDate "2023.10.21"]
[EventType "team-tourn"]
[EventRounds "15"]
[EventCountry "GER"]
[SourceTitle "CB13_2024"]
[SourceDate "2024.03.27"]
[SourceVersion "1"]
[SourceVersionDate "2024.03.27"]
[SourceQuality "1"]
[WhiteTeam "Hamburger SK"]
[BlackTeam "Heimbach Weis Neuwied"]
[WhiteTeamCountry "GER"]
[BlackTeamCountry "GER"]

1. d4 d6 2. Nf3 Nf6 3. g3 Nbd7 4. c4 g6 5. Bg2 Bg7 6. Nc3 0-0 7. 0-0 e5 8. e4 exd4 9. Nxd4 Re8 10. Be3 Ne5 11. b3 Nfg4 12. Bc1 Nc6 13. Nxc6 bxc6 14. Bb2 Rb8 15. Qd2 c5 16. Nd5 Ne5 17. Rac1 Nc6 18. Bxg7 Kxg7 19. Rce1 Be6 20. Ne3 Nd4 21. Nc2 Nxc2 22. Qxc2 Qd7 23. Qc3+ Kg8 24. Re3 Bh3 25. Bxh3 Qxh3 26. e5 Qd7 27. Rfe1 Qc6 28. exd6 cxd6 29. h4 Rxe3 30. Qxe3 h5 31. Qf4 Qd7 32. Qf6 Rb7 33. Qc3 Rb8 34. Qd2 Rd8 35. Re3 Ra8 36. Qc3 Re8 37. Qe1 Rxe3 38. Qxe3 Qf5 39. Qe8+ Kg7 40. Qa4 1/2-1/2

[Event "Bundesliga 2324"]
[Site "Germany"]
[Date "2024.03.16"]
[Round "12.1"]
[White "Livaic, Leon"]
[Black "Yuffa, Daniil"]
[Result "1/2-1/2"]
[WhiteElo "2549"]
[BlackElo "2606"]
[PlyCount "51"]
[EventDate "2023.10.21"]
[EventType "team-tourn"]
[EventRounds "15"]
[EventCountry "GER"]
[SourceTitle "CB13_2024"]
[SourceDate "2024.03.27"]
[SourceVersion "1"]
[SourceVersionDate "2024.03.27"]
[SourceQuality "1"]
[WhiteTeam "Heimbach Weis Neuwied"]
[BlackTeam "Kiel Turm"]
[WhiteTeamCountry "GER"]
[BlackTeamCountry "GER"]

1. b3 e5 2. Bb2 Nc6 3. e3 d6 4. Nf3 g6 5. d4 Bg7 6. dxe5 Nge7 7. Nc3 Nxe5 8. Nxe5 Bxe5 9. Qd2 Be6 10. 0-0-0 Qd7 11. f4 Bg7 12. e4 0-0-0 13. Qf2 Kb8 14. Nb5 Bxb2+ 15. Kxb2 Nc6 16. Nd4 Nxd4 17. Qxd4 Qe7 18. Bd3 h5 19. Rde1 Bd7 20. h4 Rhe8 21. g3 Bg4 22. Qc3 Bd7 23. a4 Qf8 24. Rhf1 f5 25. Re2 fxe4 26. Rxe4 1/2-1/2

[Event "Titled Tuesday intern op 27th Feb Late"]
[Site "Chess.com INT"]
[Date "2024.02.27"]
[Round "5"]
[White "Livaic, Leon"]
[Black "Domingo Nunez, Ruben"]
[Result "1/2-1/2"]
[WhiteElo "2561"]
[BlackElo "2446"]
[PlyCount "146"]
[EventDate "2024.02.27"]
[EventType "swiss (blitz)"]
[EventRounds "11"]
[EventCountry "USA"]
[SourceTitle "CB10_2024"]
[SourceDate "2024.03.06"]
[SourceVersion "1"]
[SourceVersionDate "2024.03.06"]
[SourceQuality "1"]

1. e4 g6 2. d4 Bg7 3. Nc3 c6 4. Nf3 d5 5. h3 dxe4 6. Nxe4 Nf6 7. Nxf6+ exf6 8. Bc4 0-0 9. 0-0 a5 10. a4 Na6 11. Re1 Nb4 12. Bd2 Bf5 13. Bb3 Qd6 14. Bxb4 Qxb4 15. Qd2 Qd6 16. Re2 Rfd8 17. Rae1 Bf8 18. c3 Bd7 19. Qd1 Re8 20. Nd2 Rxe2 21. Rxe2 Kg7 22. Ne4 Qc7 23. Re3 Re8 24. Qf3 Bf5 25. Ng3 Bd7 26. Rxe8 Bxe8 27. Ne4 Be7 28. Nc5 Bxc5 29. dxc5 Qe5 30. Qe3 Bd7 31. Qd4 Bf5 32. g4 Be4 33. Bc4 Qf4 34. Qe3 Qe5 35. f4 Qe7 36. Bd3 f5 37. gxf5 gxf5 38. Kf2 Qh4+ 39. Kg1 Bxd3 40. Qxd3 Qxf4 41. Qd7 Qg3+ 42. Kh1 Qxh3+ 43. Kg1 Qe3+ 44. Kh1 Qxc5 45. Qxb7 Qd5+ 46. Kg1 Qd1+ 47. Kf2 Qxa4 48. Qe7 Qc2+ 49. Kg1 Qc1+ 50. Kh2 Qxb2+ 51. Kh1 Qc1+ 52. Kh2 Qh6+ 53. Kg1 Qf6 54. Qa7 Qxc3 55. Qf2 Qc1+ 56. Kg2 Qg5+ 57. Kf1 f4 58. Qb2+ Kg6 59. Qc2+ Kg7 60. Qc3+ Qf6 61. Qf3 a4 62. Kg1 h6 63. Kh1 Qg5 64. Qc3+ f6 65. Qxc6 Kg6 66. Qxa4 Qh4+ 67. Kg1 Qg3+ 68. Kh1 f3 69. Qe8+ Kf5 70. Qe4+ Kg5 71. Qg6+ Kf4 72. Qxf6+ Ke3 73. Qd4+ Kxd4 1/2-1/2

[Event "Titled Tuesday intern op 27th Feb Late"]
[Site "Chess.com INT"]
[Date "2024.02.27"]
[Round "4"]
[White "Makarian, Rudik"]
[Black "Livaic, Leon"]
[Result "1-0"]
[WhiteElo "2525"]
[BlackElo "2561"]
[PlyCount "65"]
[EventDate "2024.02.27"]
[EventType "swiss (blitz)"]
[EventRounds "11"]
[EventCountry "USA"]
[SourceTitle "CB10_2024"]
[SourceDate "2024.03.06"]
[SourceVersion "1"]
[SourceVersionDate "2024.03.06"]
[SourceQuality "1"]

1. Nf3 d5 2. c4 e6 3. g3 Nf6 4. Bg2 Be7 5. 0-0 0-0 6. Ne5 c6 7. d4 Nbd7 8. Nc3 Nxe5 9. dxe5 Nd7 10. cxd5 cxd5 11. e4 d4 12. Qxd4 Bc5 13. Qc4 b6 14. Rd1 Qc7 15. Qe2 a5 16. Nb5 Qc6 17. Bf4 Ba6 18. a4 Be7 19. Rac1 Nc5 20. b3 Rfd8 21. Bf1 Rxd1 22. Qxd1 Rd8 23. Nd6 Bxf1 24. Qxf1 Bxd6 25. exd6 Qxe4 26. Qb5 Qb4 27. Qxb4 axb4 28. Be3 Nxb3 29. Rb1 Na5 30. Bxb6 Ra8 31. Bxa5 Rxa5 32. d7 Ra8 33. Rc1 1-0

[Event "Titled Tuesday intern op 27th Feb Late"]
[Site "Chess.com INT"]
[Date "2024.02.27"]
[Round "6"]
[White "Thomforde Toates, Noah"]
[Black "Livaic, Leon"]
[Result "1-0"]
[WhiteElo "2124"]
[BlackElo "2561"]
[PlyCount "129"]
[EventDate "2024.02.27"]
[EventType "swiss (blitz)"]
[EventRounds "11"]
[EventCountry "USA"]
[SourceTitle "CB10_2024"]
[SourceDate "2024.03.06"]
[SourceVersion "1"]
[SourceVersionDate "2024.03.06"]
[SourceQuality "1"]

1. c4 g6 2. g3 Bg7 3. Bg2 Nf6 4. Nf3 0-0 5. 0-0 d6 6. Nc3 e5 7. d3 Nc6 8. Rb1 a5 9. a3 h6 10. b4 axb4 11. axb4 Be6 12. Nd2 Rb8 13. e4 Nd4 14. f4 exf4 15. gxf4 Ng4 16. Nd5 Bxd5 17. Qxg4 Be6 18. f5 Bd7 19. Nb3 h5 20. Qh3 Qf6 21. Bb2 Ne2+ 22. Kh1 Qg5 23. Bxg7 Kxg7 24. f6+ Kh7 25. Qxd7 Nf4 26. Rxf4 Qxf4 27. Rf1 Qe3 28. Qh3 Qxh3 29. Bxh3 Ra8 30. Nd4 Ra3 31. Rd1 c6 32. b5 c5 33. Nf3 Kh6 34. e5 g5 35. Bf5 g4 36. Ne1 dxe5 37. Be4 b6 38. Nc2 Ra2 39. Ne3 Kg5 40. Nd5 Rfa8 41. Nxb6 R8a3 42. Nd7 Rb3 43. Nxe5 Rbb2 44. Nxf7+ Kxf6 45. Rf1+ Ke6 46. Nd8+ Kd7 47. Nc6 Rxh2+ 48. Kg1 g3 49. Ne5+ Ke6 50. Ng6 h4 51. Nf4+ Ke5 52. b6 Rab2 53. b7 h3 54. Nxh3 Rxh3 55. Rf8 Rb1+ 56. Kg2 Rh2+ 57. Kxg3 Rhb2 58. Re8+ Kd4 59. Kf4 Rf2+ 60. Bf3 Rfb2 61. Rd8+ Kc3 62. Be4 Rf2+ 63. Ke5 Rfb2 64. Kd6 Rb6+ 65. Kxc5 1-0

[Event "Titled Tuesday intern op 13th Feb Late"]
[Site "Chess.com INT"]
[Date "2024.02.13"]
[Round "1"]
[White "Hrebenshchykova, Yelyzaveta"]
[Black "Livaic, Leon"]
[Result "0-1"]
[WhiteElo "2282"]
[BlackElo "2561"]
[PlyCount "72"]
[EventDate "2024.02.13"]
[EventType "swiss (blitz)"]
[EventRounds "11"]
[EventCountry "USA"]
[SourceTitle "CB08_2024"]
[SourceDate "2024.02.21"]
[SourceVersion "1"]
[SourceVersionDate "2024.02.21"]
[SourceQuality "1"]

1. e4 e6 2. d4 d5 3. Nc3 Bb4 4. e5 c5 5. a3 Bxc3+ 6. bxc3 Nc6 7. h4 Bd7 8. h5 Qa5 9. Bd2 0-0-0 10. a4 f6 11. Nf3 fxe5 12. dxe5 Nh6 13. g3 Rdf8 14. Bh3 Nf5 15. 0-0 h6 16. c4 Qc7 17. cxd5 exd5 18. Re1 Be6 19. Bf4 Qd7 20. c3 Rhg8 21. Bxf5 Rxf5 22. Nh4 Rf7 23. Qc2 d4 24. Rad1 Qd5 25. Qe4 Qxe4 26. Rxe4 dxc3 27. Rc1 b6 28. Rxc3 Rd8 29. Rc1 Kb7 30. Ng6 Rd4 31. Rxd4 Nxd4 32. Rd1 Bg4 33. Rd3 Bxh5 34. e6 Nxe6 35. Ne5 Re7 36. Be3 Ng5 0-1

[Event "Titled Tuesday intern op 13th Feb Early"]
[Site "Chess.com INT"]
[Date "2024.02.13"]
[Round "8"]
[White "Livaic, Leon"]
[Black "Csonka, Balazs"]
[Result "1/2-1/2"]
[WhiteElo "2561"]
[BlackElo "2480"]
[PlyCount "151"]
[EventDate "2024.02.13"]
[EventType "swiss (blitz)"]
[EventRounds "11"]
[EventCountry "USA"]
[SourceTitle "CB08_2024"]
[SourceDate "2024.02.21"]
[SourceVersion "1"]
[SourceVersionDate "2024.02.21"]
[SourceQuality "1"]

1. e4 c6 2. d4 d5 3. e5 Bf5 4. g4 Bd7 5. h4 c5 6. dxc5 e6 7. Be3 Bc6 8. Bd4 Nd7 9. b4 a6 10. Nc3 b6 11. cxb6 Bxb4 12. Rh3 Nxb6 13. Rb1 Ba5 14. Qc1 Ne7 15. Qa3 Nd7 16. h5 0-0 17. Bd3 Bb5 18. Nge2 Nc6 19. h6 g6 20. f4 Qc7 21. Kf1 Nxd4 22. Nxd4 Bxc3 23. Nxb5 axb5 24. Qe7 Qd8 25. Qd6 Nb6 26. Bxb5 Qxd6 27. exd6 Bd4 28. Bc6 Rac8 29. Bb5 Rfd8 30. Rd3 Bc5 31. d7 Nxd7 32. g5 Bd6 33. Rf3 Nc5 34. a4 Rb8 35. c4 dxc4 36. Rc1 Ne4 37. Kg2 c3 38. Bc6 Nd2 39. Rfxc3 Nb3 40. Rf1 Nd4 41. Be4 Nf5 42. a5 Bf8 43. a6 Rb6 44. a7 Ra6 45. a8Q Raxa8 46. Bxa8 Rxa8 47. Kf3 Rd8 48. Kg4 Be7 49. Rfc1 Bf8 50. Rc8 Rxc8 51. Rxc8 Nd6 52. Ra8 Ne4 53. Kf3 Nd6 54. Kg4 Nc4 55. Re8 Nb6 56. Rb8 Nd5 57. Kf3 Ne7 58. Ke4 Nd5 59. Ra8 Nc7 60. Rc8 Nd5 61. Ke5 Ne7 62. Ra8 Nc6+ 63. Ke4 Ne7 64. Re8 Nd5 65. Ra8 Nc7 66. Rc8 Nb5 67. Rb8 Nd6+ 68. Ke5 Nc4+ 69. Ke4 Nd6+ 70. Ke5 Nf5 71. Ke4 Ne7 72. Ra8 Nc6 73. Kf3 Nb4 74. Ke4 Nd5 75. Re8 Nc7 76. Rc8 1/2-1/2

[Event "Titled Tuesday intern op 13th Feb Early"]
[Site "Chess.com INT"]
[Date "2024.02.13"]
[Round "5"]
[White "Melikyan, Gnel"]
[Black "Livaic, Leon"]
[Result "0-1"]
[WhiteElo "2238"]
[BlackElo "2561"]
[PlyCount "86"]
[EventDate "2024.02.13"]
[EventType "swiss (blitz)"]
[EventRounds "11"]
[EventCountry "USA"]
[SourceTitle "CB08_2024"]
[SourceDate "2024.02.21"]
[SourceVersion "1"]
[SourceVersionDate "2024.02.21"]
[SourceQuality "1"]

1. e4 c6 2. Nf3 d5 3. d3 Qc7 4. Be2 Bg4 5. 0-0 Nd7 6. h3 Bh5 7. exd5 cxd5 8. Nc3 e6 9. Re1 Ngf6 10. Nd4 Bxe2 11. Qxe2 Bc5 12. Nb3 Bb6 13. Be3 0-0 14. Bxb6 Qxb6 15. Qe3 Rfc8 16. Qxb6 Nxb6 17. Re2 a6 18. Nd4 Rc7 19. Rae1 Rac8 20. Nb1 Na4 21. c3 b5 22. Na3 g6 23. g3 Rb7 24. Nb3 b4 25. cxb4 Rxb4 26. Nc2 Rb6 27. Ncd4 Nd7 28. f4 Rbb8 29. Kf2 Ndc5 30. Ke3 Nxb3 31. Nxb3 h5 32. Rd1 Kg7 33. Rdd2 Rc7 34. Rc2 Rbc8 35. Rxc7 Rxc7 36. Kd4 Kf6 37. g4 hxg4 38. hxg4 g5 39. Rf2 gxf4 40. Rxf4+ Kg5 41. Ke5 Nxb2 42. Rd4 Rc6 43. Nd2 f6# 0-1

[Event "Titled Tuesday intern op 06th Feb Early"]
[Site "Chess.com INT"]
[Date "2024.02.06"]
[Round "2"]
[White "Borgaonkar, Akshay"]
[Black "Livaic, Leon"]
[Result "1-0"]
[WhiteElo "2372"]
[BlackElo "2561"]
[PlyCount "75"]
[EventDate "2024.02.06"]
[EventType "swiss (blitz)"]
[EventRounds "11"]
[EventCountry "USA"]
[SourceTitle "CB07_2024"]
[SourceDate "2024.02.14"]
[SourceVersion "1"]
[SourceVersionDate "2024.02.14"]
[SourceQuality "1"]

1. d4 Nf6 2. c4 g6 3. Nc3 Bg7 4. e4 d6 5. h3 0-0 6. Nf3 e5 7. d5 a5 8. Be3 Na6 9. Nd2 Nc5 10. g4 Bd7 11. f3 c6 12. h4 Qb6 13. Na4 Nd3+ 14. Ke2 Qa6 15. Kxd3 cxd5 16. Nb6 d4 17. Nxd7 Nxd7 18. Bf2 b5 19. Ke2 bxc4 20. Ke1 d3 21. Rc1 Rac8 22. Be3 d5 23. exd5 e4 24. Nxe4 f5 25. gxf5 gxf5 26. Ng5 f4 27. Bd2 Qb6 28. Ne6 Rfe8 29. Bh3 Bf6 30. Kf1 Kh8 31. Qe1 Ne5 32. Bc3 Qe3 33. Qxe3 fxe3 34. f4 Nd7 35. Rg1 Bxc3 36. Rxc3 Nf6 37. Ng5 Rf8 38. Bxc8 1-0

[Event "Titled Tuesday intern op 06th Feb Late"]
[Site "Chess.com INT"]
[Date "2024.02.06"]
[Round "6"]
[White "Ehlvest, Jaan"]
[Black "Livaic, Leon"]
[Result "0-1"]
[WhiteElo "2528"]
[BlackElo "2561"]
[PlyCount "76"]
[EventDate "2024.02.06"]
[EventType "swiss (blitz)"]
[EventRounds "11"]
[EventCountry "USA"]
[SourceTitle "CB07_2024"]
[SourceDate "2024.02.14"]
[SourceVersion "1"]
[SourceVersionDate "2024.02.14"]
[SourceQuality "1"]

1. e4 e6 2. d4 d5 3. Nc3 Bb4 4. e5 c5 5. Bd2 Ne7 6. Nb5 Bxd2+ 7. Qxd2 0-0 8. c3 Nbc6 9. f4 Qb6 10. Nf3 Bd7 11. h4 Nxe5 12. fxe5 Bxb5 13. Bxb5 Qxb5 14. h5 h6 15. g4 f6 16. 0-0-0 Nc6 17. Rh3 cxd4 18. Nxd4 Nxd4 19. Qxd4 Qc4 20. Qxc4 dxc4 21. Rd6 fxe5 22. Re3 Rf1+ 23. Kc2 Raf8 24. Rxe5 Rg1 25. Rexe6 Rxg4 26. Re2 Rf5 27. Rd7 b5 28. Rxa7 Rxh5 29. a4 bxa4 30. Rxa4 Rhg5 31. Kd2 h5 32. b4 cxb3 33. Ra8+ Kh7 34. Rb8 Rg2 35. Rxb3 h4 36. c4 Rxe2+ 37. Kxe2 Rg2+ 38. Kf3 Rg3+ 0-1

[Event "Titled Tuesday intern op 06th Feb Late"]
[Site "Chess.com INT"]
[Date "2024.02.06"]
[Round "7"]
[White "Le, Quang Liem"]
[Black "Livaic, Leon"]
[Result "0-1"]
[WhiteElo "2731"]
[BlackElo "2561"]
[PlyCount "176"]
[EventDate "2024.02.06"]
[EventType "swiss (blitz)"]
[EventRounds "11"]
[EventCountry "USA"]
[SourceTitle "CB07_2024"]
[SourceDate "2024.02.14"]
[SourceVersion "1"]
[SourceVersionDate "2024.02.14"]
[SourceQuality "1"]

1. Nf3 Nf6 2. c4 e6 3. Nc3 d5 4. e3 b6 5. b3 Bb7 6. Bb2 Bd6 7. cxd5 exd5 8. g3 0-0 9. Bg2 d4 10. exd4 Re8+ 11. Ne2 Qe7 12. Rc1 Nbd7 13. Kf1 a5 14. Nc3 Ba3 15. Bxa3 Qxa3 16. Nh4 Bxg2+ 17. Kxg2 Qd6 18. Qf3 Qxd4 19. Nb5 Qxd2 20. Rhd1 Qxa2 21. Nxc7 Ne5 22. Qf4 Ng6 23. Nxg6 hxg6 24. Nxa8 Rxa8 25. Qf3 Rf8 26. Rc6 b5 27. Rc5 a4 28. Rxb5 axb3 29. Qxb3 Qe2 30. Qf3 Qxb5 31. h4 Qf5 32. Qc6 Qe4+ 33. Qxe4 Nxe4 34. Re1 Nf6 35. Re2 Re8 36. Ra2 Ng4 37. Ra4 f5 38. Ra2 Kf7 39. Rb2 Kf6 40. Ra2 Re6 41. Rb2 g5 42. hxg5+ Kxg5 43. Ra2 Kf6 44. Rb2 g5 45. Ra2 Ne5 46. Rb2 g4 47. Rb1 Nf3 48. Rd1 Kg5 49. Kf1 Re5 50. Ra1 Rb5 51. Rd1 Rb2 52. Kg2 Nd2 53. Re1 Ne4 54. Rf1 Kf6 55. Kg1 Ke5 56. Kg2 Kd4 57. Kg1 Kd3 58. Rd1+ Rd2 59. Ra1 Ke2 60. Ra5 f4 61. Ra4 Rd1+ 62. Kh2 fxg3+ 63. fxg3 Ke3 64. Ra3+ Rd3 65. Ra4 Rd2+ 66. Kg1 Kf3 67. Ra3+ Ke2 68. Ra4 Ke3 69. Ra3+ Rd3 70. Ra4 Kf3 71. Ra8 Rd1+ 72. Kh2 Rd2+ 73. Kg1 Kxg3 74. Ra3+ Kf4 75. Ra8 g3 76. Rf8+ Ke3 77. Re8 Kf3 78. Rf8+ Kg4 79. Rg8+ Ng5 80. Kh1 Kf3 81. Rf8+ Ke3 82. Rg8 Ne4 83. Kg1 Re2 84. Rf8 Ra2 85. Rf7 Rb2 86. Rf8 Ng5 87. Rg8 Nf3+ 88. Kh1 Rh2# 0-1

[Event "Titled Tuesday intern op 06th Feb Late"]
[Site "Chess.com INT"]
[Date "2024.02.06"]
[Round "11"]
[White "Livaic, Leon"]
[Black "Melikyan, Gnel"]
[Result "0-1"]
[WhiteElo "2561"]
[BlackElo "2238"]
[PlyCount "88"]
[EventDate "2024.02.06"]
[EventType "swiss (blitz)"]
[EventRounds "11"]
[EventCountry "USA"]
[SourceTitle "CB07_2024"]
[SourceDate "2024.02.14"]
[SourceVersion "1"]
[SourceVersionDate "2024.02.14"]
[SourceQuality "1"]

1. e4 c5 2. Nf3 Nc6 3. Bb5 e6 4. 0-0 Nge7 5. Re1 a6 6. Bxc6 Nxc6 7. d4 cxd4 8. Nxd4 Qc7 9. Nc3 b5 10. Nxc6 dxc6 11. e5 Bb7 12. Qg4 c5 13. Bg5 h5 14. Qf4 Be7 15. Rad1 0-0 16. Ne4 Bxe4 17. Rxe4 Rfd8 18. Rde1 Rd5 19. Qh4 Bxg5 20. Qxg5 g6 21. g4 hxg4 22. Rxg4 Qd8 23. Qh6 Rd1 24. Rge4 Qd2 25. Qxd2 Rxd2 26. R4e2 Rxe2 27. Rxe2 Rd8 28. f4 Rd4 29. Rf2 Kg7 30. Kg2 f6 31. exf6+ Kxf6 32. Kf3 Kf5 33. Kg3 Re4 34. b3 Re3+ 35. Rf3 Re2 36. Rc3 c4 37. bxc4 b4 38. Rb3 a5 39. a3 Rxc2 40. axb4 axb4 41. Rxb4 Rc3+ 42. Kg2 Kxf4 43. Rb6 Rc2+ 44. Kh3 g5 0-1

[Event "Titled Tuesday intern op 06th Feb Early"]
[Site "Chess.com INT"]
[Date "2024.02.06"]
[Round "7"]
[White "Livaic, Leon"]
[Black "Msellek, Ilyass"]
[Result "1-0"]
[WhiteElo "2561"]
[BlackElo "2406"]
[PlyCount "53"]
[EventDate "2024.02.06"]
[EventType "swiss (blitz)"]
[EventRounds "11"]
[EventCountry "USA"]
[SourceTitle "CB07_2024"]
[SourceDate "2024.02.14"]
[SourceVersion "1"]
[SourceVersionDate "2024.02.14"]
[SourceQuality "1"]

1. e4 Nf6 2. d3 d5 3. e5 Nfd7 4. f4 c5 5. Nf3 Nc6 6. g3 e6 7. Bg2 Be7 8. 0-0 0-0 9. c4 b5 10. cxd5 exd5 11. Nc3 Nb6 12. Nxb5 Bf5 13. h3 Nb4 14. Ne1 c4 15. dxc4 Nxc4 16. Nd4 Be4 17. b3 Nb6 18. a3 Na6 19. Bb2 Nc5 20. f5 Bg5 21. Kh2 Rc8 22. Qg4 Bxg2 23. Kxg2 Bd2 24. f6 g6 25. Rd1 Be3 26. Nf5 h6 27. Nxe3 1-0

[Event "Titled Tuesday intern op 06th Feb Early"]
[Site "Chess.com INT"]
[Date "2024.02.06"]
[Round "3"]
[White "Livaic, Leon"]
[Black "Omariev, Maksim"]
[Result "1-0"]
[WhiteElo "2561"]
[BlackElo "2304"]
[PlyCount "65"]
[EventDate "2024.02.06"]
[EventType "swiss (blitz)"]
[EventRounds "11"]
[EventCountry "USA"]
[SourceTitle "CB07_2024"]
[SourceDate "2024.02.14"]
[SourceVersion "1"]
[SourceVersionDate "2024.02.14"]
[SourceQuality "1"]

1. e4 c5 2. Nf3 d6 3. d4 cxd4 4. Nxd4 Nf6 5. Nc3 a6 6. Bc4 e6 7. Bb3 Nbd7 8. f4 Nc5 9. e5 dxe5 10. fxe5 Nfd7 11. Bf4 Nxb3 12. axb3 Qc7 13. Qg4 h5 14. Qe2 Be7 15. 0-0-0 g5 16. Bg3 h4 17. Nd5 exd5 18. e6 hxg3 19. exf7+ Kxf7 20. Qe6+ Kf8 21. Rhf1+ Nf6 22. Rxf6+ Bxf6 23. Qxf6+ Kg8 24. Qxg5+ Qg7 25. Qxd5+ Kh7 26. hxg3 Qh6+ 27. Kb1 Rg8 28. Qf7+ Rg7 29. Qe8 a5 30. g4 Rxg4 31. Rf1 Rg7 32. Rf8 Qh1+ 33. Ka2 1-0

[Event "Bundesliga 2324"]
[Site "Germany"]
[Date "2024.02.04"]
[Round "8.5"]
[White "Kadric, Denis"]
[Black "Livaic, Leon"]
[Result "1/2-1/2"]
[WhiteElo "2579"]
[BlackElo "2549"]
[PlyCount "66"]
[EventDate "2023.10.21"]
[EventType "team-tourn"]
[EventRounds "15"]
[EventCountry "GER"]
[SourceTitle "CB06_2024"]
[SourceDate "2024.02.07"]
[SourceVersion "1"]
[SourceVersionDate "2024.02.07"]
[SourceQuality "1"]
[WhiteTeam "Kirchweyhe"]
[BlackTeam "Heimbach Weis Neuwied"]
[WhiteTeamCountry "GER"]
[BlackTeamCountry "GER"]

1. e4 c5 2. Nf3 e6 3. d4 cxd4 4. Nxd4 Nf6 5. Nc3 Nc6 6. Ndb5 d6 7. Bf4 e5 8. Bg5 a6 9. Na3 b5 10. Nd5 Be7 11. Bxf6 Bxf6 12. c3 Rb8 13. Nc2 Bg5 14. a4 bxa4 15. Ncb4 Nxb4 16. cxb4 0-0 17. Rxa4 a5 18. b5 Bd7 19. Nc3 d5 20. exd5 f5 21. Be2 e4 22. 0-0 Bf4 23. Qb3 Bd6 24. Rfa1 h5 25. Rc4 Qe7 26. Rxa5 Qe5 27. g3 h4 28. Ra7 hxg3 29. hxg3 Be8 30. Qa4 Bg6 31. Rd7 Be8 32. Ra7 Bg6 33. Rd7 Be8 1/2-1/2

[Event "Chessable Masters Play In"]
[Site "Chess.com INT"]
[Date "2024.01.31"]
[Round "2"]
[White "Andreikin, Dmitry"]
[Black "Livaic, Leon"]
[Result "1/2-1/2"]
[WhiteElo "2729"]
[BlackElo "2557"]
[PlyCount "128"]
[EventDate "2024.01.31"]
[EventType "swiss (rapid)"]
[EventRounds "9"]
[EventCountry "USA"]
[SourceTitle "CB06_2024"]
[SourceDate "2024.02.07"]
[SourceVersion "1"]
[SourceVersionDate "2024.02.07"]
[SourceQuality "1"]

1. d4 Nf6 2. c4 e6 3. Nf3 c5 4. Nc3 d5 5. cxd5 exd5 6. Bg5 Be6 7. e3 c4 8. Qa4+ Nbd7 9. e4 dxe4 10. d5 Bg4 11. Ne5 Qb6 12. Bxc4 Qxb2 13. 0-0 Qxc3 14. Nxg4 Nxg4 15. Bb5 Nge5 16. Rac1 Qa3 17. Bxd7+ Nxd7 18. Qxe4+ Be7 19. Rfe1 f6 20. Bf4 Ne5 21. Bxe5 fxe5 22. Qxe5 0-0 23. Qxe7 Qxa2 24. Qc5 Rad8 25. d6 b6 26. Qd4 Rd7 27. h3 Qf7 28. Rc6 h6 29. Rec1 Qf6 30. Qd2 Rfd8 31. Rd1 Kh8 32. Qd5 Qf4 33. Qe6 Qf7 34. Qe4 Qf6 35. Qd3 Qe6 36. Kh1 Qf6 37. f3 Qe6 38. Qd4 Qf6 39. Qd5 Qf7 40. Qe5 Qf6 41. Qg3 Kh7 42. Kh2 Qg6 43. Qf4 Qf6 44. Qe4+ Qg6 45. Rd5 Re8 46. Qc4 Red8 47. Qd4 Qf6 48. Qd3+ Kh8 49. Qd2 Qe6 50. Qd4 Qf6 51. Qd2 Qe6 52. f4 Kh7 53. Qd4 Qg6 54. Qe5 b5 55. f5 Qf6 56. Qe6 b4 57. Rc7 Qxe6 58. fxe6 Rxd6 59. Rxd6 Rxd6 60. e7 Re6 61. Rxa7 b3 62. Rb7 b2 63. Rxb2 Rxe7 64. Rf2 Kg8 1/2-1/2